000 01698cam a2200349Mi 4500
999 _c5105
_d5105
001 .b18735496
003 OCoLC
005 20250618100912.0
008 170622t20171997enka j 000 1 eng
020 _a9781408883778
020 _a1408883775
035 _a(OCoLC)993444650
040 _aAU@
_beng
_erda
_cAU@
_dOCLCO
_dOCLCF
_dNZLPP
_dNZ1
_dPTTCL
_dKH8
042 _anbic
082 0 _aFIC ROW
100 1 _aRowling, J. K. ,
_eauthor.
245 1 0 _aHarry Potter and the philosopher's stone /
_cJ.K. Rowling ; illustrated by Levi Pinfold.
250 _a20th Anniversary edition.
260 _aLondon
_bBloomsbury,
_c2017.
300 _axiii, 350 pages :
_billustrations ;
_c21 cm.
490 0 _aThe Harry Potter series ;
_v1.
500 _aFirst published: 1997.
520 _aHarry Potter has never even heard of Hogwarts when the letters start dropping on the doormat at number four, Privet Drive. Addressed in green ink on yellowish parchment with a purple seal, they are swiftly confiscated by his grisly aunt and uncle. Then, on Harry's eleventh birthday, a great beetle-eyed giant of a man called Rubeus Hagrid bursts in with some astonishing news: Harry Potter is a wizard, and he has a place at Hogwarts School of Witchcraft and Wizardry. An incredible adventure is about to begin!
650 0 _aHogwarts School of Witchcraft and Wizardry (Imaginary organization)
_vJuvenile fiction.
650 0 _aWizards
_vJuvenile fiction.
650 0 _aMagic
_vJuvenile fiction.
650 7 _aHogwarts School of Witchcraft and Wizardry (Imaginary organization)
_2fast.
650 7 _aMagic.
_2fast.
650 7 _aWizards.
_2fast.
700 1 _aPinfold, Levi,
_eillustrator.
942 _2ddc
_cFIC